Les 10 villes d'Allemagne les plus peuplées commençant par N - Statistiques

Statistiques générales
  • Ce quiz a été pris 15 fois
  • Le résultat moyen est 2 sur 10
Statistiques - réponses
# Ville Population % Correct
1 Nuremberg 526.606
100%
10 Neustadt am Rübenberge 44.552
36%
2 Neuss 154.712
14%
6 Neubrandenbourg 64.390
7%
4 Neumünster 79.461
7%
9 Neunkirchen 47.546
7%
7 Neu-Ulm 62.204
7%
5 Neuwied 66.243
7%
3 Norderstedt 81.834
7%
8 Nordhorn 56.675
7%
Aucun quiz correspondant
Distribution des résultats
% des personnes avec chaque résultat
Percentile par nombre de réponses
Votre historique - résultats
Vous n’avez pas pris ce quiz